| 000 | 00548nam a22001577a 4500 | ||
|---|---|---|---|
| 082 |
_a621.31 _bKHA |
||
| 100 |
_aKhalid, Malik Muhammad Talha (450301) _9132409 |
||
| 245 | _aEnergy Management Planning and Scheduling with BESS and Hydrogen Storage across the Electrical Train for Transportation under CPEC / | ||
| 264 |
_aIslamabad : _bUSPCAS-E, NUST _cSeptember, 2025 |
||
| 300 |
_axvi, 48 p. _e+CD |
||
| 520 | _aTH-681 | ||
| 650 | _aMS EEP Thesis | ||
| 650 |
_aMS Thesis _918721 |
||
| 700 | _aSupervisor: Dr. Muhammad Yousif | ||
| 942 |
_2ddc _cTHE |
||
| 999 |
_c615603 _d615603 |
||